000 00228nam a2200097Ia 4500
008 170619s9999 xx 000 0 und d
100 _aKumar- Ranjit
245 0 _aResearch Methodology
260 _bN Delhi : Sage Pub.
260 _c2013
546 _aENGLISH
999 _c21661
_d21661